| 000 | 00711nam a2200277Ia 4500 | ||
|---|---|---|---|
| 008 | 170203s9999 xx 000 0 und d | ||
| 020 | _a0-394839250 | ||
| 050 | _aFic | ||
| 050 | _b.H713w 11678 | ||
| 100 | _aHofmann Ginnie | ||
| 245 | _aWho wants an old teddy bear? / | ||
| 245 | _cGinnie Hofmann. | ||
| 260 | _aUnited States : | ||
| 260 | _bRandom House, Inc. | ||
| 260 | _c1978 | ||
| 300 | _a32 unnumbered pages : | ||
| 300 | _bcolor illustrations ; | ||
| 300 | _c21 cm. | ||
| 440 | _a Please read to me; A Random House pictureback | ||
| 650 | _a Toys -- | ||
| 650 | _aDreams -- | ||
| 650 | _aTeddy bears -- | ||
| 650 | _xFiction. | ||
| 650 | _xFiction. | ||
| 650 | _xFiction. | ||
| 999 |
_c306158 _d306158 |
||